| 000 | 00443nam a2200181Ia 4500 | ||
|---|---|---|---|
| 005 | 20250603145922.0 | ||
| 008 | 250603s9999 xx 000 0 und d | ||
| 020 | _a9583000091 | ||
| 050 | _aKP 82 .W5/ | ||
| 100 | _aWilson,Nwosu Uchechukwu phd | ||
| 245 | 4 | _aThe practice of Administrative Law in Nigeria | |
| 260 | _aImo state | ||
| 260 | _bZubic Infinity | ||
| 260 | _c2018 | ||
| 300 | _a306 p | ||
| 650 | _aImo state | ||
| 942 | _cBK | ||
| 999 |
_c43243 _d43243 |
||